[Event "Chorzow 2011"]
[Site "Chorzow"]
[Date "2011.04.01"]
[Round "8.1"]
[White "Sroka, Janusz"]
[Black "Koziak, Vitali"]
[Result "1/2-1/2"]
[WhiteElo "2091"]
[BlackElo "2471"]
[PlyCount "29"]
[EventDate "2011.??.??"]

1. e4 e5 2. Nf3 Nc6 3. Bc4 Nf6 4. d3 h6 5. c3 g6 6. Nbd2 Bg7 7. O-O O-O 8. Re1
a6 9. a4 d5 10. Ba2 dxe4 11. dxe4 a5 12. Qe2 Nh5 13. Nc4 Qf6 14. g3 Bh3 15. Qe3
1/2-1/2

[Event "Chorzow 2011"]
[Site "Chorzow"]
[Date "2011.04.01"]
[Round "8.2"]
[White "Kalinin, Oleg"]
[Black "Kastelik, Adrian"]
[Result "1-0"]
[WhiteElo "2375"]
[BlackElo "1996"]
[PlyCount "57"]
[EventDate "2011.??.??"]

1. d4 d5 2. c4 c6 3. Nf3 Nf6 4. Qc2 e6 5. Nbd2 Nbd7 6. g3 Bd6 7. Bg2 O-O 8. O-O
b6 9. e4 dxe4 10. Ng5 Bb7 11. Ndxe4 Nxe4 12. Bxe4 g6 13. f4 Nf6 14. Bf3 Qc7 15.
Qc3 h6 16. Nh3 Kh7 17. b3 c5 18. Bxb7 cxd4 19. Qf3 Rad8 20. Bb2 Bc5 21. Nf2 h5
22. h3 Ne8 23. Be4 f5 24. Bc2 Nf6 25. Rad1 Rg8 26. Bc1 g5 27. fxg5 d3 28. Bxd3
Ne4 29. Bxe4 1-0

[Event "Chorzow 2011"]
[Site "Chorzow"]
[Date "2011.04.01"]
[Round "8.3"]
[White "Karcz, Bartlomiej"]
[Black "Mulet, Piotr"]
[Result "0-1"]
[WhiteElo "1906"]
[BlackElo "2334"]
[PlyCount "50"]
[EventDate "2011.??.??"]

1. e4 c6 2. Nc3 d5 3. f4 dxe4 4. Nxe4 Nf6 5. Nxf6+ exf6 6. Nf3 Bd6 7. d4 O-O 8.
Be2 Qc7 9. Qd2 Re8 10. c4 Qe7 11. Qd1 Qe4 12. Kf2 Bxf4 13. Bxf4 Qxf4 14. Re1
Bf5 15. Bd3 Nd7 16. Bxf5 Qxf5 17. Qd2 c5 18. Kg1 cxd4 19. Nxd4 Qc5 20. b3 Ne5
21. Kh1 Rad8 22. Rad1 Rd7 23. Qe3 Red8 24. Nc2 Qxe3 25. Nxe3 Nd3 0-1

[Event "Chorzow 2011"]
[Site "Chorzow"]
[Date "2011.04.01"]
[Round "8.4"]
[White "Osipow, Nikolaj"]
[Black "Wiecek, Pawel"]
[Result "1-0"]
[WhiteElo "2179"]
[BlackElo "2043"]
[PlyCount "57"]
[EventDate "2011.??.??"]

1. d4 c5 2. e3 g6 3. Nf3 Bg7 4. Be2 Nf6 5. O-O b6 6. c4 O-O 7. Nc3 Bb7 8. b3
cxd4 9. exd4 d5 10. Bb2 Nbd7 11. Rc1 a6 12. a4 dxc4 13. bxc4 Ne4 14. Re1 Rc8
15. Nxe4 Bxe4 16. Ba3 Re8 17. c5 bxc5 18. Bxa6 Bxf3 19. Qxf3 Ra8 20. Bb5 Bxd4
21. Qb7 Ne5 22. Bxe8 Qxe8 23. Bxc5 Bxc5 24. Rxe5 Bd6 25. Ra5 Rxa5 26. Rc8 Qxc8
27. Qxc8+ Kg7 28. Qc3+ Re5 29. f4 1-0

[Event "Chorzow 2011"]
[Site "Chorzow"]
[Date "2011.04.01"]
[Round "8.5"]
[White "Kaczmarek, Aleksander"]
[Black "Polok, Kacper"]
[Result "1/2-1/2"]
[WhiteElo "2036"]
[BlackElo "2046"]
[PlyCount "82"]
[EventDate "2011.??.??"]

1. e4 c6 2. Nf3 d5 3. Nc3 dxe4 4. Nxe4 Nf6 5. Nxf6+ gxf6 6. g3 Bg4 7. Bg2 Nd7
8. h3 Bh5 9. b3 Qc7 10. Bb2 O-O-O 11. Qe2 Nb6 12. O-O-O Nd5 13. Qe4 e6 14. Qa4
Kb8 15. a3 b5 16. Qa6 e5 17. g4 Bg6 18. Nh4 Qb7 19. Qxb7+ Kxb7 20. Nxg6 hxg6
21. h4 Nf4 22. Bf3 Bc5 23. g5 Rde8 24. d4 exd4 25. b4 Bb6 26. Bxd4 Bxd4 27.
Rxd4 fxg5 28. Rd7+ Kb6 29. Rxf7 Ne2+ 30. Kb2 Nd4 31. hxg5 Rhf8 32. Rhh7 Rxf7
33. Rxf7 Re5 34. Bg4 Rxg5 35. Bc8 c5 36. Rb7+ Kc6 37. Rxa7 Re5 38. Bg4 Re4 39.
Ra6+ Kd5 40. Rxg6 cxb4 41. axb4 Rf4 1/2-1/2

[Event "Chorzow 2011"]
[Site "Chorzow"]
[Date "2011.04.01"]
[Round "8.6"]
[White "Galyga, Jozef"]
[Black "Piesik, Piotr"]
[Result "0-1"]
[WhiteElo "1946"]
[BlackElo "2216"]
[PlyCount "72"]
[EventDate "2011.??.??"]

1. e4 e6 2. d3 d5 3. Nd2 Nf6 4. Ngf3 b6 5. g3 dxe4 6. dxe4 Bb7 7. Bd3 Nbd7 8.
Qe2 Nc5 9. Bb5+ c6 10. Bc4 b5 11. Bb3 a5 12. e5 Nd5 13. c3 Nxb3 14. axb3 Qb6
15. O-O Be7 16. Ne4 O-O 17. Bg5 Bxg5 18. Nexg5 Ne7 19. Nxh7 Kxh7 20. Ng5+ Kh6
21. Qd2 Kg6 22. Qf4 Nf5 23. Qg4 Nh6 24. Qf4 c5 25. h4 f6 26. h5+ Kxh5 27. Ne4
Bxe4 28. Qxe4 f5 29. Qh4+ Kg6 30. Rad1 Rad8 31. f3 Kh7 32. Kg2 Qc7 33. Qf4 Rxd1
34. Rxd1 Rd8 35. Rd6 Rxd6 36. exd6 Qd7 0-1

[Event "Chorzow 2011"]
[Site "Chorzow"]
[Date "2011.04.01"]
[Round "8.7"]
[White "Bojdol, Robert"]
[Black "Jelonek, Michal"]
[Result "1-0"]
[WhiteElo "2053"]
[BlackElo "2039"]
[PlyCount "93"]
[EventDate "2011.??.??"]

1. e4 c5 2. Nf3 g6 3. d4 cxd4 4. Nxd4 Nc6 5. Nc3 Nf6 6. Be3 Bg7 7. f3 O-O 8.
Qd2 d5 9. exd5 Nxd5 10. Nxc6 bxc6 11. Nxd5 Qxd5 12. Qxd5 cxd5 13. O-O-O Rd8 14.
c3 Bb7 15. Bb5 a6 16. Ba4 Rac8 17. Kb1 Bc6 18. Bb3 Rb8 19. Rhe1 e5 20. f4 d4
21. Bc1 e4 22. cxd4 Bxd4 23. Be3 Bxe3 24. Rxe3 Kg7 25. Rc3 Rxd1+ 26. Bxd1 Bb5
27. Kc1 Rd8 28. g3 Rd7 29. Bc2 f5 30. a4 Bf1 31. b4 Kf6 32. Bd1 Ke7 33. Rc5 Kd6
34. Kd2 Rb7 35. Kc3 Re7 36. Bb3 h6 37. h4 Bg2 38. Bc4 Bf3 39. Rd5+ Kc6 40. Re5
Rxe5 41. fxe5 e3 42. Kd3 e2 43. Kd2 g5 44. Bxe2 Bd5 45. Bxa6 f4 46. gxf4 gxf4
47. Bf1 1-0

[Event "Chorzow 2011"]
[Site "Chorzow"]
[Date "2011.04.01"]
[Round "8.8"]
[White "Stepaniec, Lukasz"]
[Black "Kazek, Krzysztof"]
[Result "1/2-1/2"]
[WhiteElo "1916"]
[BlackElo "2000"]
[PlyCount "23"]
[EventDate "2011.??.??"]

1. d4 Nf6 2. Nf3 e6 3. g3 d5 4. Bg2 Be7 5. O-O O-O 6. Nbd2 b6 7. b3 Bb7 8. Bb2
c5 9. c4 Nbd7 10. e3 Rc8 11. Rc1 Rc7 12. Qe2 1/2-1/2

[Event "Chorzow 2011"]
[Site "Chorzow"]
[Date "2011.04.01"]
[Round "8.9"]
[White "Mucha, Piotr"]
[Black "Wozniak, Dawid"]
[Result "1-0"]
[WhiteElo "1707"]
[BlackElo "1917"]
[PlyCount "61"]
[EventDate "2011.??.??"]

1. e4 c6 2. d4 d5 3. Nc3 dxe4 4. Nxe4 Bf5 5. Ng3 Bg6 6. h4 h6 7. Nf3 Nd7 8. h5
Bh7 9. Bd3 Bxd3 10. Qxd3 Ngf6 11. Bd2 e6 12. O-O-O Bd6 13. Ne4 Nxe4 14. Qxe4
Nf6 15. Qe2 Qb6 16. c4 Bb4 17. Bxb4 Qxb4 18. Kb1 O-O-O 19. Ne5 Rhf8 20. Rh3 Qb6
21. c5 Qc7 22. Ra3 Rd5 23. Rxa7 Kb8 24. Ra4 Rfd8 25. f4 Nxh5 26. Qxh5 f6 27.
Qf7 fxe5 28. Ra8+ Kxa8 29. Qxc7 R8d7 30. Qc8+ Ka7 31. Rd3 1-0

[Event "Chorzow 2011"]
[Site "Chorzow"]
[Date "2011.04.01"]
[Round "8.10"]
[White "Richter, Bronislaw"]
[Black "Zowada, Kazimierz"]
[Result "0-1"]
[WhiteElo "1802"]
[BlackElo "2146"]
[PlyCount "64"]
[EventDate "2011.??.??"]

1. d4 g6 2. e4 Bg7 3. Nc3 c6 4. a4 Qa5 5. Be3 Nf6 6. Bd3 d5 7. e5 Ng4 8. Nf3
Nxe3 9. fxe3 O-O 10. O-O f6 11. exf6 exf6 12. Nd2 Re8 13. Qf3 Qb4 14. Nb3 f5
15. Rae1 Nd7 16. g4 Rf8 17. gxf5 Nb6 18. Qg2 gxf5 19. Rf3 Nc4 20. Rg3 Rf7 21.
Rf1 Qe7 22. Nd1 Nd6 23. Nd2 Kh8 24. Rf4 Be6 25. Qh3 Bf6 26. Nf3 Ne4 27. Rg2 Rg7
28. Bf1 Rag8 29. Kh1 Rg6 30. Nc3 Rxg2 31. Qxg2 Rxg2 32. Kxg2 Qg7+ 0-1

[Event "Chorzow 2011"]
[Site "Chorzow"]
[Date "2011.04.01"]
[Round "8.11"]
[White "Karpacz, Piotr"]
[Black "Solek, Zenon"]
[Result "1-0"]
[WhiteElo "1747"]
[BlackElo "1870"]
[PlyCount "79"]
[EventDate "2011.??.??"]

1. d4 f5 2. e4 fxe4 3. Nc3 Nf6 4. Bg5 e6 5. f3 exf3 6. Nxf3 Be7 7. Bd3 O-O 8.
O-O Nc6 9. a3 h6 10. Bh4 Nd5 11. Bxe7 Ncxe7 12. Qe1 Nf4 13. Be4 d5 14. Bd3 Nxd3
15. cxd3 Nf5 16. Qf2 c6 17. b4 Bd7 18. Rfe1 a5 19. Qb2 b5 20. Ne2 axb4 21. axb4
Qe7 22. Ne5 Rxa1 23. Rxa1 Be8 24. Nf4 Kh7 25. g3 g5 26. Ng2 h5 27. Rc1 Qa7 28.
Nf3 Rg8 29. Rc5 Rg7 30. Nge1 h4 31. g4 Ne3 32. h3 Qc7 33. Ne5 Rf7 34. Qe2 Rf1+
35. Kh2 Qa7 36. Qxe3 Qa1 37. N5f3 Qb2+ 38. Rc2 Qxb4 39. Kg2 Rxe1 40. Qxe1 1-0

[Event "Chorzow 2011"]
[Site "Chorzow"]
[Date "2011.04.01"]
[Round "8.12"]
[White "Gora, Tomasz"]
[Black "Faron, Rafal"]
[Result "1/2-1/2"]
[WhiteElo "1868"]
[BlackElo "1798"]
[PlyCount "101"]
[EventDate "2011.??.??"]

1. d4 f5 2. Nc3 Nf6 3. Bg5 g6 4. e4 fxe4 5. Bc4 Bg7 6. Bxf6 Bxf6 7. Nxe4 d5 8.
Nxf6+ exf6 9. Bd3 Nc6 10. Qd2 Qe7+ 11. Ne2 Nb4 12. Bb5+ Bd7 13. Bxd7+ Kxd7 14.
c3 Na6 15. O-O-O c6 16. Rhe1 Rae8 17. f4 Qe3 18. Ng3 Qxd2+ 19. Kxd2 Rxe1 20.
Rxe1 Re8 21. Rxe8 Kxe8 22. Ke3 Kf7 23. f5 Nc7 24. h4 Ne8 25. Kf4 Nd6 26. b3 a5
27. fxg6+ hxg6 28. Ne2 b5 29. g4 Ne4 30. c4 b4 31. cxd5 cxd5 32. Ke3 g5 33. h5
Kg7 34. Nc1 Kh6 35. Kf3 f5 36. Nd3 fxg4+ 37. Kxg4 Nf6+ 38. Kh3 Kxh5 39. Ne5 g4+
40. Kg2 Ne4 41. Nc6 Nc3 42. Nxa5 Nxa2 43. Nc6 Kh4 44. Ne7 Nc3 45. Nc6 Na2 46.
Ne7 Nc1 47. Nxd5 Nxb3 48. Nxb4 Nxd4 49. Nd5 Ne2 50. Ne3 Nf4+ 51. Kg1 1/2-1/2

[Event "Chorzow 2011"]
[Site "Chorzow"]
[Date "2011.04.01"]
[Round "8.13"]
[White "Czornik, Janusz"]
[Black "Rosicki, Marcin"]
[Result "1-0"]
[WhiteElo "1837"]
[BlackElo "1560"]
[PlyCount "67"]
[EventDate "2011.??.??"]

1. e4 e5 2. Nf3 Nc6 3. Bc4 Nf6 4. Qe2 Be7 5. c3 d6 6. h3 a6 7. Bb3 Na5 8. Bc2
Be6 9. d3 h6 10. Nbd2 c5 11. Nf1 b5 12. Ng3 Qc7 13. O-O Rc8 14. Be3 d5 15. Bd2
dxe4 16. Nxe4 Nxe4 17. Qxe4 Bd6 18. Nxe5 Bxe5 19. f4 Nc6 20. fxe5 Qxe5 21. Qxe5
Nxe5 22. Rae1 Nc6 23. Bb3 Nd8 24. d4 c4 25. Bc2 O-O 26. Be4 Bd7 27. Bf4 Ne6 28.
Bh2 Ng5 29. Bb7 Rcd8 30. Bc7 Rde8 31. a3 Bc8 32. Bc6 Rxe1 33. Rxe1 Ne6 34. Bd6
1-0

[Event "Chorzow 2011"]
[Site "Chorzow"]
[Date "2011.04.01"]
[Round "8.15"]
[White "Klementys, Jerzy"]
[Black "Przybylka, Damian"]
[Result "1/2-1/2"]
[WhiteElo "1781"]
[BlackElo "2061"]
[PlyCount "108"]
[EventDate "2011.??.??"]

1. d4 d5 2. c4 e6 3. Nc3 c6 4. Nf3 f5 5. e3 Nf6 6. Ne5 Bd6 7. Be2 O-O 8. O-O
Nbd7 9. f4 Ne4 10. Qe1 Ndf6 11. c5 Bc7 12. b4 Bd7 13. a4 Nxc3 14. Qxc3 Ne4 15.
Qe1 Be8 16. Ba3 a6 17. Kh1 Kh8 18. Rg1 g5 19. g3 Qf6 20. Qf1 g4 21. b5 axb5 22.
axb5 Qd8 23. b6 Bxe5 24. fxe5 Kg7 25. Bb4 h5 26. Ra7 Rf7 27. Qa1 Rb8 28. Be1
Rd7 29. Rg2 Bg6 30. Bf1 Ng5 31. Rga2 h4 32. Ra8 Rxa8 33. Rxa8 Qe7 34. Rc8 h3
35. Be2 Nf7 36. Qa8 Rd8 37. Ba6 Rxc8 38. Qxc8 Nd8 39. Bxb7 Nxb7 40. Qxc6 Be8
41. Qc7 Qxc7 42. bxc7 Bd7 43. c6 Bc8 44. Bb4 Kf7 45. Kg1 Ke8 46. Kf2 Nd8 47.
cxd8=Q+ Kxd8 48. Bd6 Ba6 49. Ke1 Bb5 50. c7+ Kd7 51. Kd2 Ba6 52. Kc3 Kc6 53.
Kb4 Bc8 54. Ka5 Bb7 1/2-1/2

[Event "Chorzow 2011"]
[Site "Chorzow"]
[Date "2011.04.01"]
[Round "8.16"]
[White "Michalski, Edmund"]
[Black "Blasiak, Miroslaw"]
[Result "0-1"]
[WhiteElo "1910"]
[BlackElo "1952"]
[PlyCount "74"]
[EventDate "2011.??.??"]

1. d4 d5 2. Nf3 Nf6 3. e3 e6 4. Bd3 c5 5. c3 Nc6 6. Nbd2 Bd6 7. O-O O-O 8. Qe2
Qc7 9. h3 b6 10. dxc5 Bxc5 11. e4 dxe4 12. Nxe4 Be7 13. Nxf6+ Bxf6 14. Qe4 g6
15. Bh6 Re8 16. Rad1 Bb7 17. Qg4 Rad8 18. Bb5 a6 19. Ba4 b5 20. Bb3 Na5 21. Bc2
Nc4 22. Bc1 Bg7 23. Nd2 Nxd2 24. Bxd2 Qc6 25. Rfe1 f5 26. Qg3 e5 27. f3 Rd7 28.
Qf2 Bf6 29. Bc1 Red8 30. Qe2 Kg7 31. Rxd7+ Rxd7 32. Bb3 Qc7 33. Qe3 f4 34. Qe2
Qd8 35. a4 bxa4 36. Bxa4 Rd5 37. Bb3 Qb6+ 0-1

[Event "Chorzow 2011"]
[Site "Chorzow"]
[Date "2011.04.01"]
[Round "8.17"]
[White "Heimann, Adrian"]
[Black "Santura, Janusz"]
[Result "0-1"]
[WhiteElo "1806"]
[BlackElo "1900"]
[PlyCount "78"]
[EventDate "2011.??.??"]

1. d4 d5 2. c4 Nf6 3. Nf3 e6 4. Nc3 c6 5. Bg5 dxc4 6. e4 b5 7. e5 Be7 8. exf6
Bxf6 9. Bxf6 Qxf6 10. a4 Bd7 11. Ne4 Qd8 12. Nd6+ Ke7 13. Ne5 f6 14. Nxd7 Nxd7
15. Ne4 Nb6 16. axb5 cxb5 17. Be2 Na4 18. b3 cxb3 19. O-O b2 20. Ra3 a6 21. Qb3
Qxd4 22. Bf3 Rac8 23. Rxa4 Qxa4 24. Qxb2 Rc2 25. Qb1 Rhc8 26. h3 Qc4 27. Kh2 b4
28. Qa1 Ra2 29. Qd1 Rd8 30. Qb1 b3 31. Rc1 Rc2 32. Rd1 Rxd1 33. Qxd1 Qc7+ 34.
g3 b2 35. Qb1 a5 36. Qa2 Qb6 37. Qa3+ Qb4 38. Qe3 b1=Q 39. Qa7+ Qb7 0-1

[Event "Chorzow 2011"]
[Site "Chorzow"]
[Date "2011.04.01"]
[Round "8.18"]
[White "Czornik, Adam"]
[Black "Fraczek, Leslaw"]
[Result "1-0"]
[WhiteElo "1764"]
[BlackElo "1887"]
[PlyCount "101"]
[EventDate "2011.??.??"]

1. e4 e5 2. Nf3 Nc6 3. Bc4 Nf6 4. Ng5 d5 5. exd5 Na5 6. d3 h6 7. Nf3 Nxc4 8.
dxc4 Bd6 9. Be3 b6 10. Nc3 Bg4 11. h3 Bh5 12. g4 Bg6 13. Qe2 O-O 14. O-O-O e4
15. Nd4 Nd7 16. f4 exf3 17. Nxf3 Re8 18. Qd2 Nc5 19. Rde1 Ne4 20. Nxe4 Rxe4 21.
Bd4 Bf4 22. Be3 Bg3 23. Reg1 Bd6 24. Qc3 Qe7 25. Bd4 Bb4 26. Qb3 Re2 27. Rh2
Bd2+ 28. Kd1 Re8 29. Rgg2 Rxg2 30. Rxg2 Bf4 31. Qc3 f6 32. Ng1 Qd7 33. Re2 Re7
34. Bxf6 Re8 35. Rxe8+ Bxe8 36. Be5 Bg5 37. Nf3 Bd8 38. Nd4 Qf7 39. Nf5 Kh7 40.
Bxg7 Bd7 41. Bd4 Bxf5 42. gxf5 Qh5+ 43. Ke1 Bh4+ 44. Bf2 Qe8+ 45. Kf1 Bg5 46.
Qd3 Bf6 47. b3 Qe5 48. Kg2 a5 49. c3 Qxc3 50. Qxc3 Bxc3 51. Bg3 1-0

[Event "Chorzow 2011"]
[Site "Chorzow"]
[Date "2011.04.01"]
[Round "8.20"]
[White "Zielinski, Hubert"]
[Black "Wiechowski, Bronislaw"]
[Result "1-0"]
[WhiteElo "1885"]
[BlackElo "1884"]
[PlyCount "67"]
[EventDate "2011.??.??"]

1. e4 g6 2. d4 Bg7 3. Nc3 e6 4. Be3 Ne7 5. Qd2 b6 6. Bh6 Bxh6 7. Qxh6 Bb7 8.
Qg7 Rg8 9. Qxh7 d6 10. Nf3 g5 11. h4 g4 12. Ng5 Kd7 13. Qxf7 Rg6 14. Bc4 d5 15.
exd5 Qh8 16. dxe6+ Kd8 17. Qxg6 Nxg6 18. Nf7+ Ke7 19. Nxh8 Nxh8 20. d5 a6 21.
O-O-O b5 22. Bb3 b4 23. Ne4 a5 24. Nc5 Ba6 25. h5 Bb5 26. Ba4 Bxa4 27. Nxa4 Na6
28. Rh4 g3 29. f3 Kd6 30. Rg4 Rf8 31. Rg7 c5 32. Rd7+ Ke5 33. Re1+ Kd4 34. e7
1-0

[Event "Chorzow 2011"]
[Site "Chorzow"]
[Date "2011.04.01"]
[Round "8.21"]
[White "Buchowski, Adam"]
[Black "Hendel, Kazimierz"]
[Result "0-1"]
[WhiteElo "1839"]
[BlackElo "1679"]
[PlyCount "86"]
[EventDate "2011.??.??"]

1. Nf3 b6 2. g3 Bb7 3. Bg2 e5 4. d3 Nf6 5. O-O d6 6. c4 Be7 7. Nc3 O-O 8. Rb1
Nbd7 9. b4 a6 10. a4 Ne8 11. Qb3 a5 12. b5 Nc5 13. Qc2 f5 14. Be3 Bf6 15. d4
Bxf3 16. Bxf3 e4 17. Bg2 Ne6 18. Rfd1 Bg5 19. Bxg5 Qxg5 20. f4 exf3 21. Bxf3
Rd8 22. Bd5 Kh8 23. Qd2 Qxd2 24. Rxd2 Ng5 25. Rf1 g6 26. h4 Nf7 27. e4 Ng7 28.
g4 Nh6 29. g5 Ng4 30. exf5 Ne3 31. Rf3 Nexf5 32. Rh3 Rde8 33. Ne4 Nh5 34. Bc6
Re7 35. Rf2 Kg7 36. c5 d5 37. Bxd5 Nxd4 38. Rxf8 Kxf8 39. cxb6 Ne2+ 40. Kh2
cxb6 41. Rf3+ Nef4 42. Kg1 Re5 43. Bc6 Rf5 0-1